Monstres Zelda Tears Of The Kingdom - Statistiques

Statistiques générales
  • Ce quiz a été pris 478 fois
  • Le résultat moyen est 50 sur 110
Statistiques - réponses
Type de quiz réponce % Correct
monstre bokoblin
96%
monstre bokoblin bleu
96%
monstre bokoblin d'argent
96%
monstre bokoblin noir
96%
monstre moblin
89%
monstre moblin bleu
89%
monstre moblin d'argent
89%
monstre moblin noir
89%
monstre lézalfos
79%
monstre lézalfos bleu
79%
monstre lézalfos d'argent
79%
monstre lézalfos de feu
79%
monstre lézalfos de glace
79%
monstre lézalfos éléctrique
79%
monstre lézalfos noir
79%
monstre lynel
79%
monstre lynel bleu
79%
monstre lynel d'argent
79%
monstre lynel noir
79%
monstre Chauve souris
74%
monstre chauve souris de feu
74%
monstre chauve souris de glace
74%
monstre chauve souris éléctrique
74%
monstre Chuchu
73%
monstre Chuchu de feu
73%
monstre Chuchu de glace
73%
monstre Chuchu éléctrique
73%
boss Hinox
73%
boss Hinox bleu
73%
boss Hinox noir
73%
boss Ganondorf
71%
boss Ganondorf, Roi demon
71%
boss Lithorok
64%
boss Griock des flammes
61%
boss Griock des glaces
61%
boss Griock éléctrique
61%
dragon Nedrac
58%
dragon Ordrac
57%
dragon Rordrac
55%
boss Reine Gibdo
51%
monstre gibdo
49%
monstre gibdo ailé
49%
monstre stalbokoblin
48%
monstre stalmoblin
48%
dragon Dragon noir
47%
boss Stalhinox
47%
boss Golemax
46%
monstre stalézalfos
43%
monstre chef boko
40%
monstre chef boko bleu
40%
monstre chef boko d'argent
40%
monstre chef boko noir
40%
monstre sorcier de feu
40%
monstre sorcier de glace
40%
monstre sorcier éléctrique
40%
boss Gigatracien
39%
monstre trogloblin
39%
monstre trogloblin bleu
39%
monstre trogloblin d'argent
39%
monstre trogloblin noir
39%
boss Glagayla
38%
boss Magrok
38%
boss Roi griock
36%
boss Cryorok
34%
monstre like like
34%
boss Moldarquor
34%
golem soldat
33%
boss Fantome de Ganon
31%
golem caporal
30%
boss Golemax Ultime
30%
boss Octopoulpos
30%
sheika Officier yiga
30%
golem lieutenant
28%
golem sergent
26%
sheika Sous-fifre yiga
26%
monstre kakuda
25%
boss Lithorok fortifié
24%
boss Lithorok nox
24%
monstre Mains de miasmes
24%
golem capitaine
23%
boss Golemax amélioré
23%
boss Lithogohma
23%
golem commandant
22%
boss Golem corrompu
22%
boss Lithorok rare
22%
golem colonel
21%
golem major
21%
monstre octocoffre
21%
boss Gigatracien opalin
20%
monstre octopierre
19%
sheika/boss Le grand Khoga
18%
monstre Migrock
18%
monstre octoflot
18%
monstre pyrolike
18%
monstre Minitracien
17%
monstre cryolike
16%
monstre Givrock
16%
monstre octoneige
16%
monstre electrolike
14%
boss Gigatracien anthracite
14%
monstre Tilhorock
14%
monstre tronc - peur
14%
monstre like de vase
13%
monstre sorcier blizzaro
9%
monstre sorcier brasero
9%
monstre sorcier fulguro
9%
boss Angania
8%
monstre litholike
7%
monstre octofourée
4%
golem superieur special
3%
Aucun quiz correspondant
Distribution des résultats
% des personnes avec chaque résultat
Percentile par nombre de réponses
Votre historique - résultats
Vous n’avez pas pris ce quiz